00949nam a2200241 a 450000100100000000500170001000800410002704000250006808200240009310000420011724500780015925000120023726001120024930000210036150000490038250000340043165000320046565000210049765000350051804900090055395201280056299900170069000002200620240517200444.0100915s1968 xxu r 000 0 spa d aDO-SdBNPbspacBNPHU a291.17bW582c, 19681 aWhite, Elena G. de,d1827-191594561513aEl conflicto de los siglos durante la era cristiana /cElena G. de White. a6a. ed. aCalifornia (Estados Unidos) :bPublicaciones interamericanas;bPacific Press Publishing Association,c1968. a784 p. ;c17 cm. aIncluye referencias bíblicas p. [751-757]. aIncluye índice alfabético 4aTeología bíblica945616 0aTeología92174 4aTeología y filosofía92874 aBNGR 001054708MOaGRbGRcCTd2010-09-15iLF1l0o291.17 W582c, 1968p22006-10r2020-06-25w2020-06-25y4ZPréstamo en sala c21504d21504